000 00713nam a2200253 i 4500
005 20210727153121.0
008 141017s1995 mx a gr 000 0 spa d
020 _a9681800885
040 _aCO-BoRNBP
_bspa
_cCO-BoRNBP
_erda
041 0 _aspa
082 0 4 _a570.1
_bN17b
_223
100 1 _aNason, Alvin
_eautor
245 1 0 _aBiología
_cAlvin Nason
250 _aPrimera edición
264 1 _aMéxico
_bLimusa
_c1995
300 _a725 páginas
_bilustraciones
_c26 cm
336 _atexto
_btxt
_2rdacontent
337 _asin mediación
_bn
_2rdamedia
338 _avolumen
_bnc
_2rdacarrier
650 1 7 _aBiología
_2ARMARC
650 1 7 _aCélulas
_2ARMARC
650 1 7 _aGenética
_2ARMARC
942 _2ddc
_cBK
999 _c2623
_d2623